MDQL
is popping MORE tags! Check the
thread
!
Quizzes
Events
Quiz Creation
Community
Videos
Private Events
Remove Ads
Sign In
Join for FREE
Feedback
Dark Mode
Quiz Categories
Sports
Geography
Music
Movies
Television
Just For Fun
Miscellaneous
History
Literature
Language
Science
Gaming
Entertainment
Religion
Holiday
For Kids
Quiz Lab
Recent
Popular Today
Quiz Kudos Today
Editor Picks
Curator Picks
Quizzes by...
Day
Popularity
Type
Ratings
Length
Year
Community
Subscriptions
Recent Discussions
Orange Saloon
Badges
Playlists
Quests
Create
Leaderboards
Showdown
Live 5
Trivia Bingo
Activity
Puzzle Library
Sporcle Events
Private Events
Virtual Trivia
Globe League
Become a Host
Pub Owners
SporcleCon
Opinionation
Our Games
Videos
Blog
Mobile Apps
Partnerships
Remove Ads and Go Orange
Feedback
Sports
Athletes
MLB
NBA
NHL
NFL
Soccer
Sports Teams
WWE
NCAA
Football
Premier League
Basketball
Baseball
Hockey
Golf
Tennis
Cricket
Rugby
Auto Racing
Olympics
World Cup
Sports
Athletes
MLB
NBA
NHL
NFL
Soccer
Sports Teams
WWE
NCAA
Football
Premier League
Basketball
Baseball
Hockey
Golf
Tennis
Cricket
Rugby
Auto Racing
Olympics
World Cup
Random Quiz
Search Sporcle
×
Quiz Lab
Quiz Lab
Sports
Cycling
Type in answers that appear in a list
Type in answers that appear in a list
Classic
Best Score? Go Orange.
Cycling: Paris - Roubaix Winners Stats
Can you name the winners of Paris - Roubaix?
By
ex_magician
10m
120 Questions
2,027 Plays
2,027 Plays
2,027 Plays
Comments
Comments
Give Quiz Kudos
Give Quiz Kudos
-
- Ratings
hide this ad
More Info
Replay
Link that replays current quiz
Next Quiz
Link to next quiz in quiz playlist
You Got
0%
They Got
Avg Score
54%
Avg Friend Score
Upgrade to see
Score Distribution
Jump to the score distribution portion of the page
Score
0/120
Timer
10:00
0
Plays Today
Year
Winner
% Correct
2005
Tom Boonen
96.5%
2008
Tom Boonen
96.5%
2009
Tom Boonen
96.5%
2012
Tom Boonen
96.5%
2023
Mathieu van der Poel
96.5%
2006
Fabian Cancellara
95.4%
2010
Fabian Cancellara
95.4%
2013
Fabian Cancellara
95.4%
1968
Eddy Merckx
93.1%
1970
Eddy Merckx
93.1%
1973
Eddy Merckx
93.1%
2018
Peter Sagan
92.5%
2019
Philippe Gilbert
91.1%
1996
Johan Museeuw
89.8%
2000
Johan Museeuw
89.8%
2002
Johan Museeuw
89.8%
2021
Sonny Colbrelli
87.6%
2022
Dylan Van Baarle
86.3%
2017
Greg Van Avermaet
85.8%
1972
Roger De Vlaeminck
85.4%
1974
Roger De Vlaeminck
85.4%
1975
Roger De Vlaeminck
85.4%
1977
Roger De Vlaeminck
85.4%
2014
Niki Terpstra
83.9%
2016
Mathew Hayman
83.3%
2003
Peter Van Petegem
82.3%
1981
Bernard Hinault
81.8%
2015
John Degenkolb
80.9%
2011
Johan Vansummeren
79.9%
1999
Andrea Tafi
79.5%
2007
Stuart O'Grady
75.7%
2004
Magnus Bäckstedt
74%
1961
Rik Van Looy
73%
1962
Rik Van Looy
73%
1965
Rik Van Looy
73%
2001
Servais Knaven
72.8%
1949
André Mahé & Serse Coppi
72.6%
1950
Fausto Coppi
72.4%
1978
Francesco Moser
71.1%
1979
Francesco Moser
71.1%
Year
Winner
% Correct
1980
Francesco Moser
71.1%
1994
Andrei Tchmil
70.6%
1995
Franco Ballerini
70.1%
1998
Franco Ballerini
70.1%
1990
Eddy Planckaert
69.8%
1992
Gilbert Duclos-Lassalle
69.8%
1993
Gilbert Duclos-Lassalle
69.8%
1948
Rik Van Steenbergen
66.1%
1952
Rik Van Steenbergen
66.1%
1997
Frédéric Guesdon
65.3%
1984
Sean Kelly
64.4%
1986
Sean Kelly
64.4%
1982
Jan Raas
64.3%
1956
Louison Bobet
64.2%
1985
Marc Madiot
63.5%
1991
Marc Madiot
63.5%
1983
Hennie Kuiper
63%
1987
Eric Vanderaerden
61.9%
1966
Felice Gimondi
57.2%
1969
Walter Godefroot
56.6%
1967
Jan Janssen
55.1%
1897
Maurice Garin
53.1%
1898
Maurice Garin
53.1%
1988
Dirk Demol
51.9%
1957
Fred De Bruyne
49%
1919
Henri Pélissier
48.1%
1921
Henri Pélissier
48.1%
1933
Sylvère Maes
47.1%
1989
Jean-Marie Wampers
45.8%
1909
Octave Lapize
45.4%
1910
Octave Lapize
45.4%
1911
Octave Lapize
45.4%
1964
Peter Post
42.4%
1896
Josef Fischer
42.3%
1954
Raymond Impanis
41.5%
1959
Noël Foré
41.4%
1913
François Faber
40.4%
1976
Marc Demeyer
40.1%
1928
André Leducq
40%
1905
Louis Trousselier
38.7%
Year
Winner
% Correct
1960
Pino Cerami
38.5%
1936
Georges Speicher
38.3%
1906
Henri Cornet
38%
1955
Jean Forestier
37.8%
1943
Marcel Kint
37.1%
1912
Charles Crupelandt
36.3%
1914
Charles Crupelandt
36.3%
1953
Germain Derycke
35.3%
1971
Roger Rosiers
35.1%
1903
Hippolyte Aucouturier
34.3%
1904
Hippolyte Aucouturier
34.3%
1931
Gaston Rebry
34.2%
1934
Gaston Rebry
34.2%
1935
Gaston Rebry
34.2%
1927
Georges Ronsse
34.1%
1963
Emile Daems
33.9%
1923
Heiri Suter
33.7%
1920
Paul Deman
31.7%
1946
Georges Claes
30.6%
1947
Georges Claes
30.6%
1901
Lucien Lesna
29.1%
1902
Lucien Lesna
29.1%
1899
Albert Champion
28.7%
1908
Cyrille van Hauwaert
28.7%
1932
Romain Gijssels
27.1%
1958
Leon Vandaele
26.7%
1951
Antonio Bevilacqua
26.4%
1945
Paul Maye
26.1%
1900
Emile Bouhours
25.5%
1924
Jules van Hevel
24.8%
1939
Émile Masson
24.8%
1937
Jules Rossi
24.7%
1930
Julien Vervaecke
24.3%
1907
Georges Passerieu
23.9%
1926
Julien Delbecque
23.6%
1944
Maurice Desimpelaere
22.7%
1938
Lucien Storme
22.4%
1925
Félix Sellier
21.9%
1929
Charles Meunier
20.7%
1922
Albert Dejonghe
20.3%
Quiz Playlist
Details
Report
Send in Message
Add To Playlist
More Info:
Update: 10 April 2023
Classic:
Type in answers that appear in a list
Quiz Source
Last Updated: Apr 10, 2023
Quiz Scoreboard
CHALLENGE
Sign Up to Join the Scoreboard
Show All
Scores
Hide
Comments
May contain spoilers
Recently Published
1-10 Letter E Words III
by El_Dandy
Language
2m
Street Fighter Characters
by Artimus82
Gaming
60s
College Basketball Coaching Resumes
by pancakes188
Sports
9m
More to Explore
Quiz From the Vault
Featured Blog Post
Where Did the Easter Bunny Come From?
hide this ad
You Might Also Like...
Tags
Cycling
pari
Winner
Today's Top Quizzes in Sports
Browse Sports
hide this ad
Today's Top Quizzes in Cycling
Browse Cycling
Top Contributed Quizzes in Sports
1
2022 World Cup Stars
2
Les meilleurs buteurs des matchs entre le PSG et l’OM
3
FIFA Club World Cup Champions
4
Les entraîneurs de l'OM et du PSG au 21e siècle
5
Criteria MLB: Left Handed Sluggers
6
2023 MLB Unique Player Accomplishments
7
AFC Teams Reveal (Wrong Answers Minefield)
8
Players with Multiple 50 Home Run Seasons
9
5-to-1: FBS Animal Nicknames
10
5-to-1: UK Sports Teams
Explore More
Trending Topics
NBA
Crossword
Marvel
Harry Potter
Kpop
Disney
Anime
Pokémon
The Office
Soccer
WWE
Song
Country
NFL
Puzzle
hide this ad
More By:
ex_magician
Quiz
Plays
Rating
Category
Featured
Created
Cycling: World Champions
3,247
4.86
Sports
Oct 20, 2009
Cycling: Tour de France Podium after WW2
3,090
5.00
Sports
Aug 26, 2013
Cycling: Milan - San Remo Winners
2,377
5.00
Sports
Aug 26, 2013
Cycling: World Championships Podium after WW2
2,187
4.56
Sports
Aug 26, 2013
Cycling: Paris - Roubaix Winners
2,027
4.20
Sports
Aug 26, 2013
Go to Creator's Profile
Score Distribution
Quiz Creator Spotlight
ex_magician
Follow
Send a Message
Quizzes Created
-
Created Quiz Play Count
-
More By This Creator
Popular Quizzes Today
1
Find the US States - No Outlines Minefield
2
Find the Countries of Europe - No Outlines Minefield
3
The Countries of the World
4
Find the US States
5
Risky Map Clicking: Biggest States A-Z
6
US States
7
Popular People in 1961
8
Movies - When Are They Set?
More Sports Quizzes
2020/2021 - Over 15 Goals in Top 5 Leagues
Quiz Lab
Trending Quizzes
Risky Map Clicking: Least Populous States A-Z
1-10 Letter G Words
1-10 Letter F Words
Countries of the World: 200 Million BC
Risky Map Clicking: Next State Alphabetically
Recently Updated
Most Oscar Losses (Acting)
pecheneg
Beyoncé Albums
pecheneg
Leaping Animals
pecheneg
Reality TV Shows (A-Z)
bhenderson79
Rickey Henderson's Hall of Fame Teammates
pecheneg
Champions League XIs: Arsenal
pecheneg
Quick Pick: Celebrities in WWE's Hall of Fame
aduchscher
A-Z Keypad Blitz II
pecheneg
Multiple Oscar Actors
pecheneg
Mystery Phrase Blitz: Oscar 'Best Actors'
pecheneg
Trending Topics
Crossword
Disney
NBA
Kpop
Marvel
Harry Potter
Anime
Puzzle
Soccer
NFL
WWE
Country
Pokémon
The Office
Song
Your Account Isn't Verified!
In order to create a playlist on Sporcle, you need to verify the email address you used during registration. Go to your
Sporcle Settings
to finish the process.
Report this User
Report this user for behavior that violates our
Community Guidelines
.
Details:
Send Report
Go to the Sporcle.com Mobile Site →
Comments